[Event "Ceske Budejovice Open-A 2019"]
[Site "Ceske Budejovice"]
[Date "2019.07.06"]
[Round "8.11"]
[White "Schmid, Thomas"]
[Black "Brom, Jiri"]
[Result "1/2-1/2"]
[WhiteElo "2201"]
[BlackElo "2018"]
[Annotator "NA"]
[PlyCount "38"]
[EventDate "2019.07.02"]
[EventCountry "CZE"]
[SourceTitle "playchess.com"]
[Source "ChessBase"]
[SourceQuality "1"]
[TimeControl "5400+30"]

1. e4 {[%emt 0:00:00]} c5 {[%emt 0:00:00]} 2. Nf3 {[%emt 0:00:00]} Nc6 {[%emt 0:00:00]} 3. Bb5 {[%emt 0:00:00]} g6 {[%emt 0:00:28]} 4. Bxc6 {[%emt 0:00:00]} bxc6 {[%emt 0:00:14]} 5. O-O {[%emt 0:00:00]} Bg7 {[%emt 0:00:26]} 6. Re1 {[%emt 0:00:16]} Nf6 {[%emt 0:01:13]} 7. c3 {[%emt 0:03:46]} O-O {[%emt 0:01:06]} 8. d4 {[%emt 0:00:10]} cxd4 {[%emt 0:03:54]} 9. cxd4 {[%emt 0:00:34]} d6 {[%emt 0:00:40]} 10. Nc3 {[%emt 0:02:08]} Rb8 {[%emt 0:01:58]} 11. Rb1 {[%emt 0:03:48]} a5 {[%emt 0:04:10]} 12. Bg5 {[%emt 0:05:15]} h6 {[%emt 0:04:36]} 13. Bf4 {[%emt 0:06:03]} Nh5 {[%emt 0:17:28]} 14. Bd2 {[%emt 0:04:50]} Nf6 {[%emt 0:05:45]} 15. h3 {[%emt 0:12:45]} Nd7 {[%emt 0:01:03]} 16. Na4 {[%emt 0:04:13]} Ba6 {[%emt 0:02:47]} 17. b3 {[%emt 0:04:39]} Bb5 {[%emt 0:01:34]} 18. Nb2 {[%emt 0:01:39]} c5 {[%emt 0:00:23]} 19. d5 {[%emt 0:01:24]} Qc7 {[%emt 0:03:46]} 1/2-1/2

[Event "Ceske Budejovice Open-A 2019"]
[Site "Ceske Budejovice"]
[Date "2019.07.06"]
[Round "8.12"]
[White "Lys, Josef"]
[Black "Barak, David"]
[Result "0-1"]
[WhiteElo "2149"]
[BlackElo "2015"]
[Annotator "NA"]
[PlyCount "50"]
[EventDate "2019.07.02"]
[EventCountry "CZE"]
[SourceTitle "playchess.com"]
[Source "ChessBase"]
[SourceQuality "1"]
[TimeControl "5400+30"]

1. d4 {[%emt 0:00:00]} Nf6 {[%emt 0:00:00]} 2. Bg5 {[%emt 0:00:00]} Ne4 {[%emt 0:00:00]} 3. Bf4 {[%emt 0:00:00]} d5 {[%emt 0:00:04]} 4. f3 {[%emt 0:00:35]} Nf6 {[%emt 0:00:05]} 5. c3 {[%emt 0:02:39]} e6 {[%emt 0:05:21]} 6. Nd2 {[%emt 0:01:09]} c5 {[%emt 0:21:47]} 7. e3 {[%emt 0:05:24]} Nc6 {[%emt 0:01:00]} 8. g4 {[%emt 0:00:48]} Bd6 {[%emt 0:02:52]} 9. Bxd6 {[%emt 0:02:25]} Qxd6 {[%emt 0:00:10]} 10. Bb5 {[%emt 0:02:12]} Bd7 {[%emt 0:10:05]} 11. g5 {[%emt 0:08:56]} Ng8 {[%emt 0:03:57]} 12. Ne2 h6 {[%emt 0:06:41]} 13. g6 {[%emt 0:19:05]} fxg6 {[%emt 0:08:15]} 14. Qc2 {[%emt 0:00:43]} Nge7 {[%emt 0:04:03]} 15. Nf4 {[%emt 0:15:51]} cxd4 {[%emt 0:08:32]} 16. Nxg6 {[%emt 0:01:17]} dxe3 {[%emt 0:01:48]} 17. Nxh8 {[%emt 0:00:23]} exd2+ {[%emt 0:00:10]} 18. Kd1 {[%emt 0:01:50]} Ne5 {[%emt 0:06:00]} 19. Be2 {[%emt 0:14:03]} d4 {[%emt 0:10:11]} 20. cxd4 {[%emt 0:15:17]} Qxd4 {[%emt 0:00:44]} 21. a4 {[%emt 0:00:28]} Nf5 {[%emt 0:02:54]} 22. Ra3 {[%emt 0:00:34]} Ne3+ {[%emt 0:03:18]} 23. Rxe3 {[%emt 0:00:11]} Qxe3 {[%emt 0:00:03]} 24. Qxd2 {[%emt 0:03:02]} Bxa4+ {[%emt 0:00:19]} 25. Ke1 {[%emt 0:00:08]} Nxf3+ {[%emt 0:00:23]} 0-1

[Event "Ceske Budejovice Open-A 2019"]
[Site "Ceske Budejovice"]
[Date "2019.07.06"]
[Round "8.13"]
[White "Sykora, Ondrej"]
[Black "Vahala, Tomas"]
[Result "1-0"]
[WhiteElo "2065"]
[BlackElo "1774"]
[Annotator "NA"]
[PlyCount "105"]
[EventDate "2019.07.02"]
[EventCountry "CZE"]
[SourceTitle "playchess.com"]
[Source "ChessBase"]
[SourceQuality "1"]
[TimeControl "5400+30"]

1. e4 {[%emt 0:00:00]} g6 {[%emt 0:00:00]} 2. d4 {[%emt 0:00:37]} Bg7 {[%emt 0:00:00]} 3. Nc3 {[%emt 0:00:07]} c6 {[%emt 0:00:14]} 4. Be3 {[%emt 0:01:57]} d6 {[%emt 0:00:44]} 5. Nf3 {[%emt 0:02:18]} Nf6 {[%emt 0:04:10]} 6. h3 {[%emt 0:00:59]} O-O {[%emt 0:04:25]} 7. Bd3 {[%emt 0:01:59]} Nbd7 {[%emt 0:03:01]} 8. O-O {[%emt 0:00:24]} e5 {[%emt 0:02:27]} 9. Qd2 {[%emt 0:02:12]} Qc7 {[%emt 0:03:25]} 10. Bh6 {[%emt 0:00:40]} Re8 {[%emt 0:02:15]} 11. Bxg7 {[%emt 0:00:08]} Kxg7 {[%emt 0:00:06]} 12. Rfe1 {[%emt 0:01:06]} Nf8 {[%emt 0:01:35]} 13. Bf1 {[%emt 0:01:44]} b6 {[%emt 0:06:25]} 14. Rad1 {[%emt 0:01:46]} Bb7 {[%emt 0:06:01]} 15. dxe5 {[%emt 0:05:24]} dxe5 {[%emt 0:00:02]} 16. Nh4 {[%emt 0:01:01]} Kh8 {[%emt 0:08:23]} 17. Qe3 {[%emt 0:07:53]} Ne6 {[%emt 0:05:29]} 18. Nf3 {[%emt 0:02:02]} Rad8 {[%emt 0:02:19]} 19. Rxd8 {[%emt 0:03:10]} Rxd8 {[%emt 0:00:03]} 20. Rd1 {[%emt 0:01:02]} Rxd1 {[%emt 0:03:13]} 21. Nxd1 {[%emt 0:00:10]} Kg7 {[%emt 0:07:42]} 22. Nd2 {[%emt 0:00:52]} Nd7 {[%emt 0:05:36]} 23. f3 {[%emt 0:01:02]} a6 {[%emt 0:02:40]} 24. Nf2 {[%emt 0:01:54]} b5 {[%emt 0:05:42]} 25. Ng4 {[%emt 0:04:23]} c5 {[%emt 0:05:38]} 26. c4 {[%emt 0:02:32]} Bc6 {[%emt 0:01:17]} 27. Qh6+ {[%emt 0:01:09]} Kg8 {[%emt 0:00:02]} 28. Ne3 {[%emt 0:00:25]} Nd4 {[%emt 0:04:18]} 29. Ng4 {[%emt 0:11:06]} Ne6 {[%emt 0:00:41]} 30. Qe3 {[%emt 0:00:42]} b4 {[%emt 0:00:51]} 31. Bd3 {[%emt 0:01:48]} a5 {[%emt 0:01:06]} 32. Bb1 {[%emt 0:00:15]} a4 {[%emt 0:00:39]} 33. Qd3 {[%emt 0:01:20]} Nd4 {[%emt 0:00:44]} 34. Ne3 {[%emt 0:00:15]} Qd6 {[%emt 0:03:46]} 35. Nd5 {[%emt 0:00:19]} Kg7 {[%emt 0:00:47]} 36. Nf1 {[%emt 0:01:01]} Kg8 {[%emt 0:02:56]} 37. Nfe3 {[%emt 0:00:43]} Kf8 {[%emt 0:01:29]} 38. Bc2 {[%emt 0:00:37]} Kg8 {[%emt 0:00:56]} 39. Bd1 {[%emt 0:00:08]} Kg7 {[%emt 0:00:39]} 40. Kh2 {[%emt 0:02:06]} Kg8 {[%emt 0:03:55]} 41. g3 {[%emt 0:03:14]} Kg7 {[%emt 0:03:58]} 42. Kg2 {[%emt 0:01:11]} f6 {[%emt 0:00:00]} 43. Qd2 {[%emt 0:00:00]} h6 {[%emt 0:00:00]} 44. Ng4 {[%emt 0:00:00]} g5 {[%emt 0:00:00]} 45. Nge3 {[%emt 0:00:00]} Kg6 {[%emt 0:00:00]} 46. Qd3 {[%emt 0:00:00]} Kg7 {[%emt 0:00:00]} 47. Qxd4 {[%emt 0:00:00]} exd4 {[%emt 0:00:00]} 48. Nf5+ {[%emt 0:00:00]} Kf8 {[%emt 0:00:00]} 49. Nxd6 {[%emt 0:00:00]} Ne5 {[%emt 0:00:00]} 50. Nb6 {[%emt 0:00:00]} Nd3 {[%emt 0:00:00]} 51. Bxa4 {[%emt 0:00:00]} Nxb2 {[%emt 0:00:00]} 52. Bb3 {[%emt 0:00:00]} d3 {[%emt 0:00:00]} 53. Kf2 {[%emt 0:00:00]} 1-0

[Event "Ceske Budejovice Open-A 2019"]
[Site "Ceske Budejovice"]
[Date "2019.07.06"]
[Round "8.14"]
[White "Steiner, Juraj"]
[Black "Stehlik, Jiri"]
[Result "1-0"]
[WhiteElo "1896"]
[BlackElo "1930"]
[Annotator "NA RC"]
[PlyCount "131"]
[EventDate "2019.07.02"]
[EventCountry "CZE"]
[SourceTitle "playchess.com"]
[Source "ChessBase"]
[SourceQuality "1"]
[TimeControl "5400+30"]

1. c4 c6 2. Nf3 Nf6 3. b3 g6 4. Bb2 Bg7 5. d3 d5 6. Nbd2 O-O 7. e3 Nbd7 8. Be2 Qc7 9. Rc1 Qd8 10. O-O Re8 11. Ne5 Nxe5 12. Bxe5 Be6 13. Qc2 Nd7 14. Bxg7 Kxg7 15. cxd5 Bxd5 16. f4 Qb6 17. d4 f5 18. Nc4 Qc7 19. Bf3 Bxf3 20. Rxf3 Nf6 21. b4 Rac8 22. Qf2 e6 23. Qh4 Qe7 24. Rh3 Nh5 25. Qe1 Nf6 26. Ne5 Nd5 27. Rb1 Rc7 28. Rg3 Nf6 29. Rb2 Rg8 30. Rc2 Nd7 31. Nd3 Nf6 32. Qc1 Rgc8 33. Rf3 Nd5 34. Qd2 Nf6 35. Rf1 Ne4 36. Qe2 Nf6 37. Rfc1 Kg8 38. Nc5 Nd5 39. a3 Nf6 40. Qc4 Kf7 41. Qb3 Nd7 42. Nxd7 Qxd7 43. Rc5 a6 44. a4 Ke7 45. Qc2 b6 46. Rc3 b5 47. axb5 axb5 48. Qf2 Kf7 49. Rc5 Qe7 50. Qf3 Qd6 51. h3 Kg7 52. g4 Kf7 53. Kh2 Kf8 54. Kg3 Kg8 55. g5 Kg7 56. h4 Kg8 57. R1c2 Kg7 58. Qh1 Kg8 59. h5 Qd7 60. hxg6 hxg6 61. Rh2 Qg7 62. Rh6 Ra7 63. Rxc6 Re8 64. Qc1 Rd7 65. Qc5 Rb7 66. Rc8 1-0

[Event "Ceske Budejovice Open-A 2019"]
[Site "Ceske Budejovice"]
[Date "2019.07.06"]
[Round "8.15"]
[White "Glimbrant, Torbjorn"]
[Black "Asatryan, Manvel"]
[Result "1-0"]
[WhiteElo "2195"]
[BlackElo "1799"]
[Annotator "NA"]
[PlyCount "65"]
[EventDate "2019.07.02"]
[EventCountry "CZE"]
[SourceTitle "playchess.com"]
[Source "ChessBase"]
[SourceQuality "1"]
[TimeControl "5400+30"]

1. c4 {[%emt 0:00:00]} Nf6 {[%emt 0:00:01]} 2. Nf3 {[%emt 0:00:11]} g6 {[%emt 0:00:12]} 3. b3 {[%emt 0:00:13]} c5 {[%emt 0:05:55]} 4. Bb2 {[%emt 0:00:26]} Bg7 {[%emt 0:00:54]} 5. g3 {[%emt 0:00:12]} O-O {[%emt 0:00:51]} 6. Bg2 {[%emt 0:00:11]} Nc6 {[%emt 0:02:10]} 7. O-O {[%emt 0:00:19]} e6 {[%emt 0:04:10]} 8. d4 {[%emt 0:01:56]} cxd4 {[%emt 0:03:12]} 9. Nxd4 {[%emt 0:00:19]} d5 {[%emt 0:05:04]} 10. Nxc6 {[%emt 0:07:20]} bxc6 {[%emt 0:00:11]} 11. Nd2 {[%emt 0:00:19]} Bb7 {[%emt 0:04:32]} 12. Qc2 {[%emt 0:02:34]} Rc8 {[%emt 0:02:42]} 13. e4 {[%emt 0:00:44]} Qb6 {[%emt 0:07:06]} 14. Rac1 {[%emt 0:05:39]} Rfd8 {[%emt 0:05:19]} 15. Qb1 {[%emt 0:01:18]} c5 {[%emt 0:08:46]} 16. cxd5 {[%emt 0:03:23]} exd5 {[%emt 0:00:31]} 17. exd5 {[%emt 0:00:11]} Bxd5 {[%emt 0:05:05]} 18. Nc4 {[%emt 0:01:57]} Qb7 {[%emt 0:08:27]} 19. Bxd5 {[%emt 0:00:47]} Rxd5 {[%emt 0:04:48]} 20. Qa1 {[%emt 0:04:05]} Ne8 {[%emt 0:02:51]} 21. Rfe1 {[%emt 0:05:06]} Bd4 {[%emt 0:03:11]} 22. Re2 {[%emt 0:11:35]} Qd7 {[%emt 0:03:53]} 23. Rce1 {[%emt 0:07:19]} Nf6 {[%emt 0:02:44]} 24. Ne3 {[%emt 0:12:04]} Rh5 {[%emt 0:06:28]} 25. Nf1 {[%emt 0:00:24]} Ng4 {[%emt 0:03:22]} 26. Bxd4 {[%emt 0:04:10]} cxd4 {[%emt 0:00:19]} 27. Re4 {[%emt 0:00:23]} d3 {[%emt 0:08:20]} 28. Re7 {[%emt 0:05:53]} Qc6 {[%emt 0:01:23]} 29. Qd4 {[%emt 0:01:01]} d2 {[%emt 0:01:04]} 30. Qxd2 {[%emt 0:01:10]} Qf3 {[%emt 0:00:58]} 31. Qd4 {[%emt 0:04:28]} Rf8 {[%emt 0:00:24]} 32. Re8 {[%emt 0:05:38]} Qf5 {[%emt 0:00:33]} 33. Rxf8+ {[%emt 0:00:25]} 1-0

[Event "Ceske Budejovice Open-A 2019"]
[Site "Ceske Budejovice"]
[Date "2019.07.06"]
[Round "8.16"]
[White "Malinovsky, Petr"]
[Black "Pavlicek, Adam"]
[Result "1-0"]
[WhiteElo "2058"]
[BlackElo "1651"]
[Annotator "NA"]
[PlyCount "49"]
[EventDate "2019.07.02"]
[EventCountry "CZE"]
[SourceTitle "playchess.com"]
[Source "ChessBase"]
[SourceQuality "1"]
[TimeControl "5400+30"]

1. d4 {[%emt 0:00:00]} d5 {[%emt 0:00:00]} 2. c4 {[%emt 0:00:00]} e6 {[%emt 0:00:13]} 3. Nc3 {[%emt 0:00:00]} Nf6 {[%emt 0:00:23]} 4. cxd5 {[%emt 0:00:03]} exd5 {[%emt 0:00:23]} 5. Bg5 {[%emt 0:00:17]} Be7 {[%emt 0:00:30]} 6. e3 {[%emt 0:00:08]} Bf5 {[%emt 0:04:55]} 7. Bxf6 {[%emt 0:01:07]} Bxf6 {[%emt 0:01:09]} 8. Qb3 {[%emt 0:00:10]} Bc8 {[%emt 0:12:18]} 9. Qxd5 {[%emt 0:08:49]} Qxd5 {[%emt 0:00:49]} 10. Nxd5 {[%emt 0:00:02]} Bd8 {[%emt 0:00:16]} 11. Nf3 {[%emt 0:01:35]} O-O {[%emt 0:01:43]} 12. Bd3 {[%emt 0:00:51]} c6 {[%emt 0:01:39]} 13. Nc3 {[%emt 0:00:13]} Nd7 {[%emt 0:10:16]} 14. O-O {[%emt 0:01:47]} Nb6 {[%emt 0:00:57]} 15. a3 {[%emt 0:04:28]} Be7 {[%emt 0:02:10]} 16. b4 {[%emt 0:02:45]} Rd8 {[%emt 0:00:22]} 17. Rfc1 {[%emt 0:02:38]} Be6 {[%emt 0:05:56]} 18. b5 {[%emt 0:05:27]} c5 {[%emt 0:04:29]} 19. Be4 {[%emt 0:05:42]} Rab8 {[%emt 0:13:08]} 20. a4 {[%emt 0:04:07]} f5 {[%emt 0:03:26]} 21. Bb1 {[%emt 0:04:36]} cxd4 {[%emt 0:11:37]} 22. Nxd4 {[%emt 0:01:59]} Bf6 {[%emt 0:10:00]} 23. Nxe6 {[%emt 0:05:35]} Bxc3 {[%emt 0:01:12]} 24. Nxd8 {[%emt 0:01:21]} Bxa1 {[%emt 0:07:35]} 25. Ba2+ {[%emt 0:00:24]} 1-0

[Event "Ceske Budejovice Open-A 2019"]
[Site "Ceske Budejovice"]
[Date "2019.07.06"]
[Round "8.17"]
[White "Nezval, Filip"]
[Black "Kaspar, Jonas"]
[Result "1/2-1/2"]
[WhiteElo "1860"]
[BlackElo "1890"]
[Annotator "NA"]
[PlyCount "81"]
[EventDate "2019.07.02"]
[EventCountry "CZE"]
[SourceTitle "playchess.com"]
[Source "ChessBase"]
[SourceQuality "1"]
[TimeControl "5400+30"]

1. d4 {[%emt 0:00:00]} Nf6 {[%emt 0:00:00]} 2. c4 {[%emt 0:00:00]} g6 {[%emt 0:00:00]} 3. Nc3 {[%emt 0:00:00]} Bg7 {[%emt 0:00:00]} 4. e4 {[%emt 0:00:00]} d6 {[%emt 0:00:00]} 5. Nf3 {[%emt 0:00:00]} O-O {[%emt 0:00:00]} 6. Be2 {[%emt 0:00:16]} e5 {[%emt 0:00:33]} 7. O-O {[%emt 0:02:17]} Nc6 {[%emt 0:00:39]} 8. d5 {[%emt 0:06:22]} Ne7 {[%emt 0:00:21]} 9. Ne1 {[%emt 0:01:09]} Nd7 {[%emt 0:01:32]} 10. Be3 {[%emt 0:00:35]} f5 {[%emt 0:01:13]} 11. f3 {[%emt 0:00:15]} f4 {[%emt 0:00:35]} 12. Bf2 {[%emt 0:00:09]} g5 {[%emt 0:01:27]} 13. Nd3 {[%emt 0:06:07]} Ng6 {[%emt 0:15:14]} 14. c5 {[%emt 0:12:03]} Nf6 {[%emt 0:01:29]} 15. Rc1 {[%emt 0:06:30]} Rf7 {[%emt 0:01:24]} 16. b4 {[%emt 0:14:55]} h5 {[%emt 0:02:49]} 17. h3 {[%emt 0:08:27]} Bf8 {[%emt 0:03:44]} 18. b5 {[%emt 0:06:43]} Rg7 {[%emt 0:02:09]} 19. b6 {[%emt 0:06:53]} axb6 {[%emt 0:00:50]} 20. cxb6 {[%emt 0:00:08]} cxb6 {[%emt 0:01:41]} 21. Na4 {[%emt 0:05:06]} Ra6 {[%emt 0:05:34]} 22. Nb4 {[%emt 0:00:55]} Bxh3 {[%emt 0:02:41]} 23. Nxa6 {[%emt 0:02:00]} Bxg2 {[%emt 0:00:49]} 24. Kxg2 {[%emt 0:01:32]} Nh4+ {[%emt 0:01:15]} 25. Bxh4 {[%emt 0:02:46]} gxh4+ {[%emt 0:00:15]} 26. Kf2 {[%emt 0:00:17]} bxa6 {[%emt 0:01:18]} 27. Bxa6 {[%emt 0:01:25]} Qd7 {[%emt 0:01:39]} 28. Bc8 {[%emt 0:06:43]} Qa7 {[%emt 0:01:26]} 29. Be6+ {[%emt 0:00:19]} Kh7 {[%emt 0:00:38]} 30. Bf5+ {[%emt 0:00:17]} Kg8 {[%emt 0:00:15]} 31. Rc6 {[%emt 0:03:46]} b5+ {[%emt 0:01:34]} 32. Nb6 {[%emt 0:00:31]} Qxa2+ {[%emt 0:01:13]} 33. Qc2 {[%emt 0:00:36]} Qa3 {[%emt 0:00:49]} 34. Qc3 {[%emt 0:04:42]} Qa2+ {[%emt 0:00:52]} 35. Qc2 {[%emt 0:00:01]} Qa3 {[%emt 0:00:35]} 36. Rc3 {[%emt 0:00:38]} Qa7 {[%emt 0:00:51]} 37. Rc6 {[%emt 0:00:32]} Qa3 {[%emt 0:01:21]} 38. Be6+ {[%emt 0:01:30]} Kh7 {[%emt 0:00:48]} 39. Bf5+ {[%emt 0:00:01]} Kg8 {[%emt 0:00:11]} 40. Be6+ {[%emt 0:02:05]} Kh7 {[%emt 0:00:07]} 41. Bf5+ {[%emt 0:00:00]} 1/2-1/2

[Event "Ceske Budejovice Open-A 2019"]
[Site "Ceske Budejovice"]
[Date "2019.07.06"]
[Round "8.18"]
[White "Tajovsky, Matej"]
[Black "Kanka, Matej"]
[Result "0-1"]
[WhiteElo "1779"]
[BlackElo "1858"]
[Annotator "NA RC"]
[PlyCount "108"]
[EventDate "2019.07.02"]
[EventCountry "CZE"]
[SourceTitle "playchess.com"]
[Source "ChessBase"]
[SourceQuality "1"]
[TimeControl "5400+30"]

1. e4 {[%emt 0:00:00]} c5 {[%emt 0:00:28]} 2. Nf3 {[%emt 0:00:12]} Nc6 {[%emt 0:00:28]} 3. d4 {[%emt 0:00:06]} cxd4 {[%emt 0:00:05]} 4. Nxd4 {[%emt 0:00:04]} Nf6 {[%emt 0:00:06]} 5. Nc3 {[%emt 0:00:06]} d6 {[%emt 0:00:46]} 6. Bg5 {[%emt 0:00:24]} e6 {[%emt 0:00:38]} 7. Qd2 {[%emt 0:00:08]} Be7 {[%emt 0:00:23]} 8. O-O-O {[%emt 0:00:15]} a6 {[%emt 0:02:11]} 9. f4 {[%emt 0:01:25]} Bd7 {[%emt 0:00:30]} 10. Be2 {[%emt 0:02:21]} b5 {[%emt 0:01:29]} 11. Bf3 {[%emt 0:00:58]} Rc8 {[%emt 0:04:03]} 12. Nxc6 {[%emt 0:05:41]} Bxc6 {[%emt 0:00:12]} 13. e5 {[%emt 0:03:26]} Bxf3 {[%emt 0:09:03]} 14. exf6 {[%emt 0:00:55]} gxf6 {[%emt 0:01:42]} 15. gxf3 {[%emt 0:00:13]} fxg5 {[%emt 0:00:19]} 16. Ne4 {[%emt 0:00:24]} d5 {[%emt 0:00:59]} 17. Nxg5 {[%emt 0:00:18]} Bf6 {[%emt 0:01:27]} 18. Rhg1 {[%emt 0:02:57]} Qc7 {[%emt 0:03:07]} 19. Rg2 {[%emt 0:03:04]} h6 {[%emt 0:01:45]} 20. Nh3 {[%emt 0:01:11]} a5 {[%emt 0:04:49]} 21. Re1 {[%emt 0:02:50]} Qc4 {[%emt 0:12:38]} 22. Qxa5 {[%emt 0:08:55]} Kd7 {[%emt 0:11:26]} 23. Qa7+ {[%emt 0:01:28]} Rc7 {[%emt 0:00:36]} 24. Qa3 {[%emt 0:00:15]} Rg8 {[%emt 0:06:52]} 25. Rge2 {[%emt 0:06:30]} Bh4 {[%emt 0:05:17]} 26. Nf2 {[%emt 0:04:07]} Rg1 {[%emt 0:08:08]} 27. Kd1 {[%emt 0:06:58]} Rxe1+ {[%emt 0:09:09]} 28. Kxe1 {[%emt 0:00:16]} Qxf4 {[%emt 0:00:24]} 29. Kf1 {[%emt 0:05:28]} Qxh2 {[%emt 0:01:27]} 30. Qd3 {[%emt 0:01:04]} Ke7 {[%emt 0:05:22]} 31. c3 {[%emt 0:05:28]} b4 {[%emt 0:01:08]} 32. Qb5 {[%emt 0:03:31]} bxc3 {[%emt 0:02:53]} 33. bxc3 {[%emt 0:00:56]} Rc4 {[%emt 0:01:52]} 34. a4 {[%emt 0:06:34]} Kf8 {[%emt 0:01:29]} 35. a5 {[%emt 0:01:29]} Kg8 {[%emt 0:00:27]} 36. Qb3 {[%emt 0:01:25]} Bf6 {[%emt 0:02:48]} 37. a6 {[%emt 0:09:14]} Qc7 {[%emt 0:00:34]} 38. Ng4 {[%emt 0:04:59]} Bg5 {[%emt 0:00:30]} 39. Rb2 {[%emt 0:06:40]} Rxc3 {[%emt 0:00:56]} 40. Qb8+ {[%emt 0:00:24]} Kg7 {[%emt 0:00:22]} 41. a7 {[%emt 0:04:12]} Qc4+ {[%emt 0:00:00]} 42. Kg2 {[%emt 0:00:00]} Bf4 {[%emt 0:00:00]} 43. Qd8 {[%emt 0:00:00]} Bg5 {[%emt 0:00:44]} 44. Qd6 {[%emt 0:00:00]} Bf4 {[%emt 0:01:05]} 45. Qb4 {[%emt 0:00:00]} Qxb4 {[%emt 0:00:19]} 46. Rxb4 {[%emt 0:00:00]} Ra3 {[%emt 0:00:08]} 47. Rb7 {[%emt 0:00:00]} Bd6 {[%emt 0:00:38]} 48. Rd7 {[%emt 0:03:33]} Bc5 {[%emt 0:00:32]} 49. Rb7 {[%emt 0:00:54]} Rxa7 {[%emt 0:00:10]} 50. Rb1 {[%emt 0:00:25]} Ra2+ {[%emt 0:00:53]} 51. Kg3 {[%emt 0:00:35]} h5 {[%emt 0:00:15]} 52. Ne5 {[%emt 0:01:22]} Bd6 {[%emt 0:00:05]} 53. f4 {[%emt 0:00:29]} Bxe5 {[%emt 0:00:04]} 54. fxe5 {[%emt 0:00:07]} Re2 {[%emt 0:00:05]} 0-1

[Event "Ceske Budejovice Open-A 2019"]
[Site "Ceske Budejovice"]
[Date "2019.07.06"]
[Round "8.19"]
[White "Puncochar, Jiri"]
[Black "Rolinkova, Lucie"]
[Result "1-0"]
[WhiteElo "2014"]
[BlackElo "1703"]
[Annotator "NA"]
[PlyCount "75"]
[EventDate "2019.07.02"]
[EventCountry "CZE"]
[SourceTitle "playchess.com"]
[Source "ChessBase"]
[SourceQuality "1"]
[TimeControl "5400+30"]

1. e4 d5 2. exd5 Qxd5 3. Nc3 Qa5 4. Bc4 Nf6 5. d3 Bg4 6. f3 Bf5 7. Bd2 c6 8. Qe2 Nbd7 9. Nb5 Qb6 10. Nd6+ Kd8 11. Nxf5 Qxb2 12. Rd1 e6 13. Ng3 a5 14. d4 b5 15. Bd3 Qxa2 16. Ne4 Qa3 17. Nh3 h6 18. O-O Qe7 19. Nhf2 b4 20. Nxf6 Nxf6 21. Ne4 Nd5 22. Ra1 Qa7 23. Be3 e5 24. Bf2 exd4 25. Bc4 Ne3 26. Bxe3 dxe3 27. Kh1 Ke8 28. Rfd1 Rd8 29. Rxd8+ Kxd8 30. Rd1+ Ke8 31. f4 a4 32. Rd3 a3 33. Qxe3 Qxe3 34. Rxe3 f5 35. Nd6+ Kd7 36. Nxf5 Bd6 37. Rd3 g6 38. Nxd6 1-0

[Event "Ceske Budejovice Open-A 2019"]
[Site "Ceske Budejovice"]
[Date "2019.07.06"]
[Round "8.20"]
[White "Zacek, Petr"]
[Black "Chval, Zdenek"]
[Result "0-1"]
[WhiteElo "1883"]
[BlackElo "2145"]
[Annotator "NA"]
[PlyCount "42"]
[EventDate "2019.07.02"]
[EventCountry "CZE"]
[SourceTitle "playchess.com"]
[Source "ChessBase"]
[SourceQuality "1"]
[TimeControl "5400+30"]

1. d4 {[%emt 0:00:00]} Nf6 {[%emt 0:00:00]} 2. Nf3 {[%emt 0:00:00]} g6 {[%emt 0:00:00]} 3. g3 {[%emt 0:00:00]} Bg7 {[%emt 0:00:00]} 4. Bg2 {[%emt 0:00:03]} O-O {[%emt 0:00:00]} 5. O-O {[%emt 0:00:07]} d6 {[%emt 0:00:00]} 6. c4 {[%emt 0:00:08]} c5 {[%emt 0:00:00]} 7. d5 {[%emt 0:00:23]} Nbd7 {[%emt 0:02:33]} 8. Nc3 {[%emt 0:00:18]} a6 {[%emt 0:01:07]} 9. e4 {[%emt 0:00:38]} Rb8 {[%emt 0:01:35]} 10. Qe2 {[%emt 0:03:52]} b5 {[%emt 0:26:21]} 11. Rb1 {[%emt 0:03:23]} Qa5 {[%emt 0:20:57]} 12. Nd2 {[%emt 0:10:04]} Ne5 {[%emt 0:12:31]} 13. h3 {[%emt 0:07:12]} e6 {[%emt 0:06:27]} 14. a3 {[%emt 0:12:32]} Nxc4 {[%emt 0:10:36]} 15. Nxc4 {[%emt 0:00:49]} bxc4 {[%emt 0:00:01]} 16. Qxc4 {[%emt 0:00:03]} exd5 {[%emt 0:02:48]} 17. Nxd5 {[%emt 0:07:39]} Nxd5 {[%emt 0:03:13]} 18. Qxd5 {[%emt 0:02:36]} Be6 {[%emt 0:03:46]} 19. Qd3 {[%emt 0:14:26]} Rfd8 {[%emt 0:05:19]} 20. b4 {[%emt 0:07:14]} cxb4 {[%emt 0:01:13]} 21. axb4 {[%emt 0:01:39]} Qa2 0-1

[Event "Ceske Budejovice Open-A 2019"]
[Site "Ceske Budejovice"]
[Date "2019.07.06"]
[Round "8.21"]
[White "Baloun, Tomas"]
[Black "Stodola, Zdenek"]
[Result "0-1"]
[WhiteElo "1887"]
[BlackElo "1551"]
[Annotator "NA"]
[PlyCount "66"]
[EventDate "2019.07.02"]
[EventCountry "CZE"]
[SourceTitle "playchess.com"]
[Source "ChessBase"]
[SourceQuality "1"]
[TimeControl "5400+30"]

1. e4 {[%emt 0:00:01]} Nf6 {[%emt 0:00:00]} 2. e5 {[%emt 0:00:21]} Nd5 {[%emt 0:00:00]} 3. d4 {[%emt 0:00:19]} d6 {[%emt 0:00:00]} 4. c4 {[%emt 0:00:53]} Nb6 {[%emt 0:00:00]} 5. f4 {[%emt 0:00:36]} dxe5 {[%emt 0:00:00]} 6. fxe5 {[%emt 0:00:30]} Nc6 {[%emt 0:00:00]} 7. Be3 {[%emt 0:01:05]} Bf5 {[%emt 0:00:00]} 8. Nf3 {[%emt 0:06:13]} e6 {[%emt 0:00:40]} 9. a3 {[%emt 0:03:32]} a5 {[%emt 0:01:16]} 10. Be2 {[%emt 0:02:42]} Be7 {[%emt 0:00:28]} 11. O-O {[%emt 0:04:10]} O-O {[%emt 0:00:35]} 12. Nc3 {[%emt 0:07:11]} f6 {[%emt 0:00:51]} 13. Qe1 {[%emt 0:13:50]} a4 {[%emt 0:03:49]} 14. Qg3 {[%emt 0:07:32]} Na5 {[%emt 0:01:55]} 15. Nh4 {[%emt 0:13:32]} fxe5 {[%emt 0:06:27]} 16. Nxf5 {[%emt 0:05:43]} exf5 {[%emt 0:02:48]} 17. Bh6 {[%emt 0:01:42]} Qxd4+ {[%emt 0:07:17]} 18. Kh1 {[%emt 0:04:16]} e4 {[%emt 0:00:20]} 19. Qxc7 {[%emt 0:07:15]} Bd6 {[%emt 0:01:07]} 20. Bxg7 {[%emt 0:02:28]} Bxc7 {[%emt 0:08:43]} 21. Bxd4 {[%emt 0:00:04]} Nbxc4 {[%emt 0:00:57]} 22. Nd5 {[%emt 0:03:08]} Be5 {[%emt 0:08:28]} 23. Ne7+ {[%emt 0:04:46]} Kh8 {[%emt 0:03:17]} 24. Bxe5+ {[%emt 0:04:07]} Nxe5 {[%emt 0:00:30]} 25. Nxf5 {[%emt 0:00:35]} Nd3 {[%emt 0:08:05]} 26. Nd6 {[%emt 0:01:47]} Nb3 {[%emt 0:05:28]} 27. Bxd3 {[%emt 0:01:12]} Nxa1 {[%emt 0:00:32]} 28. Nxe4 {[%emt 0:02:43]} Rxf1+ {[%emt 0:00:29]} 29. Bxf1 {[%emt 0:00:03]} Rd8 {[%emt 0:06:39]} 30. Kg1 {[%emt 0:00:38]} Nb3 {[%emt 0:01:44]} 31. Kf2 {[%emt 0:01:29]} Rf8+ {[%emt 0:02:17]} 32. Ke1 {[%emt 0:00:57]} Re8 {[%emt 0:00:45]} 33. Bd3 {[%emt 0:00:22]} Nc5 {[%emt 0:00:41] Nf2} 0-1